ՀՀ Գիտությունների ազգային ակադեմիայի հիմնարար գիտական գրադարան  =   Fundamental Scientific Library of NAS RA

Облака : (Record no. 531643)

MARC details
000 -LEADER
fixed length control field 01209nam a2200265 a 4500
001 - CONTROL NUMBER
control field 1905207
003 - CONTROL NUMBER IDENTIFIER
control field AM-YEHGA
005 - DATE AND TIME OF LATEST TRANSACTION
control field 20260129154205.0
008 - FIXED-LENGTH DATA ELEMENTS--GENERAL INFORMATION
fixed length control field 230526s1893 ru a||||||||||||||1|rus|d
040 ## - CATALOGING SOURCE
Original cataloging agency AM-YeHGA
041 1# - LANGUAGE CODE
Language code of text/sound track or separate title rus
Language code of original grc
090 ## - LOCALLY ASSIGNED LC-TYPE CALL NUMBER (OCLC); LOCAL CALL NUMBER (RLIN)
-- 570452
100 0# - MAIN ENTRY--PERSONAL NAME
Personal name Аристофан,
Dates associated with a name ок. 445-ок. 385 до н. э.
245 00 - TITLE STATEMENT
Title Облака :
Remainder of title Комедия : С введением и примечаниями /
Statement of responsibility, etc. Аристофан ; С греч. перевел В. Алексеев.
260 ## - PUBLICATION, DISTRIBUTION, ETC.
Place of publication, distribution, etc. Санкт-Петербург :
Name of publisher, distributor, etc. Изд. и тип. А.С. Суворина,
Date of publication, distribution, etc. [1893].
300 ## - PHYSICAL DESCRIPTION
Extent XXIV, 112, [22] с. :
Other physical details портр. ;
Dimensions 15 см.
440 #0 - SERIES STATEMENT/ADDED ENTRY--TITLE
Title Дешевая библиотека ;
Volume/sequential designation № 249
650 14 - SUBJECT ADDED ENTRY--TOPICAL TERM
Topical term or geographic name entry element Драматические прозведения (х. л.)
650 14 - SUBJECT ADDED ENTRY--TOPICAL TERM
Topical term or geographic name entry element Мировая литература
650 14 - SUBJECT ADDED ENTRY--TOPICAL TERM
Topical term or geographic name entry element Литература древнего мира
650 14 - SUBJECT ADDED ENTRY--TOPICAL TERM
Topical term or geographic name entry element Античная литература
650 14 - SUBJECT ADDED ENTRY--TOPICAL TERM
Topical term or geographic name entry element Греческая литература
General subdivision Произведения античной литературы
700 1# - ADDED ENTRY--PERSONAL NAME
Personal name Алексеев, Василий Алексеевич,
Dates associated with a name 1863-1919
Relator term пер.
Relationship trl
942 ## - ADDED ENTRY ELEMENTS (KOHA)
Source of classification or shelving scheme Universal Decimal Classification
Koha item type Գրքեր / Books
Holdings
Withdrawn status Lost status Source of classification or shelving scheme Damaged status Not for loan Collection Home library Current library Date acquired Total checkouts Full call number Barcode Date last seen Price effective from Koha item type Public note
    Universal Decimal Classification     Kusikian Individual Collection Fundamental Scientific Library Fundamental Scientific Library 14/10/2024   Кус/3 FL0685430 14/10/2024 14/10/2024 Գրքեր / Books ILL Non-Circ.


ՀՀ ԳԱԱ հիմնարար գիտական գրադարան
ՀՀ,Երևան 0019
Մարշալ Բաղրամյան 24/6
հեռախոս:(374-10) 52-47-50
Հետադարձ կապ

All site content, except where otherwise noted, is licensed under a
Creative Commons License